[Event "Duesseldorf-ch"]
[Site "Duesseldorf"]
[Date "2005.11.18"]
[Round "8.7"]
[White "Bilgen, Erwin"]
[Black "Reiter, Michael"]
[Result "1/2-1/2"]
[WhiteElo "1763"]
[BlackElo "1618"]
[PlyCount "46"]
[EventDate "2005.09.02"]
[EventType "swiss"]
[EventRounds "9"]
[EventCountry "GER"]
[SourceTitle "EXT 2006"]
[Source "ChessBase"]
[SourceDate "2005.11.24"]
[SourceVersion "1"]
[SourceVersionDate "2005.11.24"]
[SourceQuality "1"]

1. e4 c6 2. Nc3 d5 3. Nf3 Bg4 4. d4 dxe4 5. Nxe4 Bxf3 6. Qxf3 Qxd4 7. Be3 Qxb2 8. Rd1 Nd7 9. Bf4 Ngf6 10. Bd3 Nxe4 11. Bxe4 e5 12. Bc1 Qb5 13. Bd3 Qa5+ 14. Kf1 Qc7 15. Bf5 Nf6 16. Bb2 Bd6 17. g4 g6 18. Bxg6 Qe7 19. Bxf7+ Qxf7 20. Rxd6 Qc4+ 21. Kg2 0-0 22. Rxf6 Rxf6 23. Qxf6 Qxg4+ 1/2-1/2

[Event "Duesseldorf-ch"]
[Site "Duesseldorf"]
[Date "2005.11.04"]
[Round "7.3"]
[White "Schmoll, Heinz"]
[Black "Bilgen, Erwin"]
[Result "1-0"]
[WhiteElo "1941"]
[BlackElo "1763"]
[PlyCount "47"]
[EventDate "2005.09.02"]
[EventType "swiss"]
[EventRounds "9"]
[EventCountry "GER"]
[SourceTitle "EXT 2006"]
[Source "ChessBase"]
[SourceDate "2005.11.24"]
[SourceVersion "1"]
[SourceVersionDate "2005.11.24"]
[SourceQuality "1"]

1. e4 Nf6 2. e5 Nd5 3. d4 d6 4. Nf3 Bg4 5. Be2 dxe5 6. dxe5 Nc6 7. h3 Bh5 8. g4 Bg6 9. a3 e6 10. Bb5 Bc5 11. Qe2 a6 12. Bxc6+ bxc6 13. 0-0 Ba7 14. Rd1 Qe7 15. c4 Nb6 16. Nc3 Nd7 17. b4 h5 18. c5 hxg4 19. hxg4 Nxc5 20. bxc5 Qxc5 21. Bb2 Rb8 22. Rac1 Rxb2 23. Qxb2 Qc4 24. Qb4 1-0